01067nac a22003137a 4500001001000000003000900010005001700019008003400036040005400070072000800124100001700132100001500149100002100164100001900185100001900204110006300223245012700286246005500413260003600468300001000504490009900514500001400613650003100627650001000658650002500668650001500693650003400708650001100742BR8705246BR-BrBNA20240105120538.0230509b bl.|||m| |||| 00| 0 por d aBR-BrBNAbporcBiblioteca Nacional de Agricultura aF301 aGerage, A.C.1 aBianco, R.1 aNazareno, N.R.X.1 aOliveira, E.L.1 aLlanillo, R.F.1 aFundacao Instituto Agronomico do Parana, Londrina (Brasil)1 aAvaliacao estadual de cultivares de milho [Parana, semeadura, variedade, comportamento de variedade, variedade resistente]1 a[Evaluation at the state level of maize cultivars]3 aLondrina, PR (Brasil): c1986.  a52 p. aInforme da Pesquisa - Fundacao Instituto Agronomico do Parana (Brazil)vno. 69xISSN 0100-9508 a40 tables aCOMPORTAMENTO DE VARIEDADE aMILHO aVARIEDADE RESISTENTE aRENDIMENTO aMELHORAMENTO GENETICO VEGETAL aPARANA